000 00410nam a2200181Ia 4500
001 13777
005 20260306164826.0
008 260306t2005||||xx |||||||||||||| ||spa||
041 _aESP
082 _a005.133J
_bL64
100 _aLima Díaz, Felipe
_eAUT
245 0 _aJava 2 v5.0
260 _c2005
300 _a494 páginas :
_c22 cm.
650 _aGEN
654 _aCCC
942 _cLIB
_dJUS
_fJUS
_2ddc
_n
999 _c13777
_d13777